000 00640nam a22002057a 4500
003 0
005 20160609165254.0
008 100108t xxu||||| |||| 00| 0 eng d
037 _aM15427
_bBIBLIO
040 _aUAC
_bF
_cEPAC
082 _a27.ABM/AHI
100 _aAhissin-Tossa , Denis A.
_92667
130 _lfr
_911366
245 _aPratique des groupages sanguins Abo et rhésus à la banque de sang du CNHU-HKM de Cotonou : atouts et contraintes
260 _aEPAC -UAC
_bEPAC-UAC
_c2007-2008
300 _aI-52p
_c29cm
650 _aTANSFUSION PROBLEME RHESUS
_92668
700 _aDagbeto , Marcelle Sènami
_92669
942 _cTHE
999 _c46688
_d46688